| 000 | 01003cam a22002413a 4500 | ||
|---|---|---|---|
| 001 | 9309 | ||
| 003 | PGUSA | ||
| 005 | 20140828083210.0 | ||
| 008 | 051101s2005||||xxu|||||s|||||000 1 eng d | ||
| 040 |
_aPGUSA _beng |
||
| 042 | _adc | ||
| 050 | 4 | _aPR | |
| 100 | 1 |
_aBarr, Robert, _d1850-1912 |
|
| 245 | 1 | 0 |
_aIn a Steamer Chair, and other stories _h[electronic resource] / _cRobert Barr |
| 260 |
_bProject Gutenberg, _c2005 |
||
| 505 | 0 | _aIn a steamer chair -- Mrs. Tremain -- Share and share alike -- An international row -- A ladies' man -- A society for the reformation of poker players -- The man who was not on the passenger list -- The terrible experience of Plodkins -- A case of fever -- How the captain got his steamer out -- My stowaway -- The purser's story -- Miss McMillan. | |
| 506 | _aPublic domain in the USA. | ||
| 516 | _aElectronic text | ||
| 653 | _aOcean travel -- Fiction | ||
| 830 | 0 |
_aProject Gutenberg _v9309 |
|
| 856 | 4 | 0 | _uhttp://www.gutenberg.org/ebooks/9309 |
| 942 | _cEB | ||
| 999 |
_c238565 _d238565 |
||